| 000 | 00470nam a22001457a 4500 | ||
|---|---|---|---|
| 999 |
_c67308 _d67308 |
||
| 005 | 20181203170329.0 | ||
| 020 |
_a1403926638 _c225.00 |
||
| 035 | _aB-182579,B-182595, B-182569, B-182591, B-182593 | ||
| 037 |
_aDPL _bENG |
||
| 245 |
_aPrinciples of banking : _b(For JAIIB examination) / _cby Indian Institute of Banking and Finance |
||
| 250 | _arprn. | ||
| 260 |
_aDelhi _bMacmillan _c2005 |
||
| 300 |
_a526p. _c22 cms. |
||
| 942 |
_2ddc _cEN _h346.682 _mPRI |
||